Antología de lecturas filosóficas /

Guardado en:
Autor Principal: Tauber, Ricardo
Otros Autores: Melo, Adrián
Formato: Libro
Publicado: Buenos Aires : A-z, 2001
Materias:
Etiquetas: Agregar Etiqueta
Sin Etiquetas, Sea el primero en etiquetar este registro!
LEADER 00617nam a22001935a 4500
001 CEM.cems017614
005 20110602123904.0
008 130507s2001##################000#0#####d
003 CEMS
020 |a 9505346891 
082 0 4 |a 320 
100 1 |a Tauber, Ricardo 
245 1 0 |a Antología de lecturas filosóficas /  |c Selección de Adrián Melo 
260 |a Buenos Aires :  |b A-z,  |c 2001 
500 |a Acompaña al texto Filosofía y formación ética y ciudadana 2 
653 |a Filosofía 
653 |a Formación ética-lecturas 
700 1 |a Melo, Adrián 
859 |a CEMS  |b BIB. CEMS - Agricultura  |h 320  |i T191-1  |p A0606.05  |t Ej.1  |v 2  |3 2